History by Year (1-50AD) - Statistics

General Stats
  • This quiz has been taken 56 times
  • The average score is 10 of 50
Answer Stats
Year Hint Answer % Correct
1 According to tradition, ___ is born Jesus
100%
6 After a fire breaks out in ___, a public fire department is created Rome
74%
3 The rule of ____ is renewed for another 10 years Augustus
61%
2 The first census is concluded in ___, noting a population of 60 million China
61%
27 Jesus is baptised by ___ ___ ___ John the Baptist
55%
33 This is one suggested year for Jesus's crucifixion, after being tried by the Roman governor ___ ___ Pontius Pilate
55%
4 ___ is named as heir to the Roman Empire Tiberius
52%
37 ___ becomes Roman emperor following the death of Tiberius Caligula
48%
25 The ___ dynasty is refounded in China Han
45%
47 Saint ___ starts his evangelical work Paul
42%
41 After being found hiding behind a curtain, ___ is hailed as Roman Emperor Claudius
39%
14 After a monumental reign of ___ years, Augustus dies 40
32%
31 This is probably the first year that ___ occurred. It would eventually be made into a holiday Easter
29%
9 The Romans suffer a catastrophic defeat at the Battle of the ___ Forest Teutoburg
29%
43 The island of ___ is conquered by the Romans, beginning almost 400 years of occupation Britain
26%
44 The Roman emperor celebrates a ___ after the recent military victory Triumph
19%
18 Farmers are forced to rebel after the ___ ___ floods Yellow River
19%
48 Facing disarmament, the ___ tribe choose to rebel against Roman control Iceni
16%
29 The wife of Augustus, ___ dies at the age of 87 Livia
16%
22 With the construction of a new barracks, the ___ ___ are forever changed into a political force Praetorian Guard
16%
38 An anti-Jewish riot erupts in the city of ___ Alexandria
13%
26 Tiberius retires to the island of ___ to pursue a hedonistic lifestyle Capri
13%
10 The Greek dynasty in far-flung ___ ends, concluding over 300 years of Greek control Bactria
10%
19 The successful general ___ is probably assassinated Germanicus
10%
35 The famous historian ___ ___ ___ is brought to Rome Pliny the Elder
10%
23 Greek geographer ___ publishes Geography, detailing the ancient world's geography Strabo
10%
45 The Chinese conduct an offensive against the ___ in Northern China Xiongnu
10%
34 The Roman Empire militarily intervenes in the client kingdom of ___ Armenia
6%
16 The German war chief ___ is defeated by the Romans at Idistaviso Arminius
6%
5 The Romans conquer the province of ___ ___ Germania Inferior
6%
15 The infamous ___ becomes sole commander of the Praetorian Guard Sejanus
6%
46 There is a severe famine in ___ Syria
6%
40 The ___ sisters resist the Chinese military in Vietnam Trung
6%
20 This is the first year of the ___ dynasty's Dihuang Era Xin
6%
42 The Romans take control of ___ on the southern shore of the Straits of Gibraltar Ceuta
3%
12 The last known ___ inscription is carved Etruscan
3%
7 The Great ___ Revolt continues, and will not end for another 2 years Illyrian
3%
8 Ovid completes the narrative poem, ___ Metamorpheses
3%
24 ___ is annexed by Rome, having been a client kingdom for around 200 years Numidia
3%
13 Agbar V of Edessa is reinstalled as king of ___ Osroene
3%
32 The future Roman Emperor ___ is born Otho
3%
17 An earthquake in Anatolia destroys the historic city of ___ Sardis
3%
49 Melankomas becomes boxing champion at the ___ Olympic Games 207th
0%
11 ___ becomes the 5th Parthian king in 12 years Artabanus II
0%
28 The ___ negotiate a treaty with Rome to avoid conquest Frisians
0%
21 ___ becomes a regional power and defeats the neighboring Dongbuyeo Goguryeo
0%
30 The ___ Empire is founded in Central Asia Kushan
0%
50 The ___ ___ pyramid is completed in Central America San Bartolo
0%
39 Caligula orders that a statue be built in the ___ ___ ___, prompting mass unrest Temple of Jerusalem
0%
36 ___ ___ commands Han forces and reunites China Wu Han
0%
No matching quizzes found
Score Distribution
Percent of People with Each Score
Percentile by Number Answered
Your Score History
You have not taken this quiz